[Event "Candidates Tournament"]
[Site "Moscow"]
[Date "2016.03.27"]
[Round "13"]
[White "Caruana, Fabiano"]
[Black "Svidler, Peter"]
[Result "1/2-1/2"]
[WhiteElo "2794"]
[BlackElo "2757"]
[Annotator "Soltis"]
[PlyCount "231"]
[EventDate "2016.03.11"]
[EventType "tourn"]
[EventRounds "14"]
[EventCountry "RUS"]
[EventCategory "22"]
[SourceTitle "CL October 2021"]
[SourceDate "2021.10.01"]
[SourceVersion "1"]
[SourceVersionDate "2021.10.01"]
[SourceQuality "1"]

1. e4 e5 2. Nf3 Nc6 3. Bb5 a6 4. Ba4 Nf6 5. O-O Be7 6. d3 b5 7. Bb3 d6 8. a4
Bd7 9. c3 O-O 10. Bc2 b4 11. Re1 Re8 12. Nbd2 Bf8 13. a5 g6 14. Bb3 Be6 15. Ba4
Bd7 16. Nf1 h6 17. Ng3 bxc3 18. bxc3 Bg7 19. h3 d5 20. exd5 Nxd5 21. Ne4 Nb8
22. Bb3 Be6 23. Bd2 Nd7 24. Ba4 f5 25. Ng3 c5 26. Bb3 Qc7 27. h4 N5f6 28. h5 f4
29. Bxe6+ Rxe6 30. Ne4 Nxh5 31. d4 Qc6 32. Qb3 c4 33. Qa4 Qd5 34. Rad1 Rae8 35.
dxe5 Nxe5 36. Nxe5 Rxe5 37. Bxf4 Qb5 38. Qxb5 Rxb5 39. Bd6 Kh8 40. g4 Nf6 41.
Nxf6 Rxe1+ 42. Rxe1 Bxf6 43. Re8+ Kg7 44. Bb4 Re5 45. Rc8 Re6 46. Rc7+ Kg8 47.
Rxc4 h5 48. Kg2 Kf7 49. Rc5 hxg4 50. Rc7+ Ke8 51. Rc4 Kd7 52. Rxg4 Be5 53. c4
Bc7 54. Kf3 Rf6+ 55. Ke3 Re6+ 56. Kd3 Rf6 57. Ke3 Re6+ 58. Kd3 Rf6 59. Rg5 Rxf2
60. Rxg6 Rf3+ 61. Kc2 Rf5 62. Rxa6 Kc8 63. Kd3 Rh5 64. c5 Kb7 65. Rg6 Bxa5 66.
Bxa5 Rxc5 67. Bb4 Rc6 68. Bd6 Kc8 69. Kd4 Rb6 70. Kd5 {[#]} Rb7 71. Rg8+ Kd7
72. Bc5 Kc7 73. Rg6 Kd7 74. Rh6 Kc7 75. Rc6+ Kd7 76. Bb6 Ke8 77. Bd4 Kd7 78.
Rd6+ Kc8 79. Ke6 Kc7 80. Ra6 Rb5 81. Ra1 Kc6 82. Rc1+ Kb7 83. Kd6 Ka6 84. Rc6+
Ka5 85. Bc5 Rb7 86. Kd5 Kb5 87. Bd6 Ka4 88. Ra6+ Kb5 89. Ra1 Kb6 90. Rc1 Kb5
91. Rc6 Ka4 92. Bc5 Kb5 93. Rd6 Ka4 {[#]} 94. Kc6 (94. Kc4 Rb4+) 94... Rb8 95.
Rd3 Rc8+ 96. Kd5 Rd8+ 97. Bd6 Rc8 98. Ra3+ Kb5 99. Rb3+ Ka4 100. Rb4+ Ka5 101.
Bc5 Rh8 102. Rb7 Ka4 103. Kc4 Rh4+ 104. Bd4 Rh5 105. Bf2 Rg5 106. Rh7 Rg4+ 107.
Bd4 Rg5 108. Rh8 Rb5 109. Ra8+ Ra5 110. Rb8 Rh5 111. Bf6 Ka5 112. Bc3+ Ka6 113.
Bd4 Rh6 114. Be3 Re6 115. Rb3 Rc6+ 116. Kd5 1/2-1/2

[Event "Smyslov Region Group Cup"]
[Site "Moscow RUS"]
[Date "2021.08.16"]
[Round "6.5"]
[White "Karpov, Ana"]
[Black "Karjakin, Sergey"]
[Result "1-0"]
[WhiteElo "2617"]
[BlackElo "2757"]
[Annotator "Hartmann"]
[PlyCount "141"]
[EventDate "2021.08.16"]
[EventType "swiss (blitz)"]
[EventRounds "14"]
[EventCountry "RUS"]
[SourceTitle "CL October 2021"]
[SourceDate "2021.10.01"]
[SourceVersion "1"]
[SourceVersionDate "2021.10.01"]
[SourceQuality "1"]

1. d4 Nf6 2. c4 e6 3. Nc3 Bb4 4. Qc2 b6 5. a3 Bxc3+ 6. Qxc3 Bb7 7. Bg5 h6 8.
Bh4 g5 9. Bg3 Ne4 10. Qd3 d6 11. f3 Nxg3 12. hxg3 Nd7 13. g4 Qf6 14. e4 Qg6 15.
O-O-O O-O-O 16. Ne2 h5 17. gxh5 Rxh5 18. Rxh5 Qxh5 19. Qe3 Rh8 20. Nc3 Qh4 21.
b4 Qg3 22. Kb2 Rh1 23. Kb3 a6 24. a4 Kb8 25. a5 bxa5 26. bxa5 g4 27. Ne2 Qh4
28. f4 e5 29. dxe5 Nc5+ 30. Kb2 Nxe4 31. exd6 cxd6 32. Kc2 f5 33. Rb1 Qe7 34.
Nc3 Kc8 35. Nd5 Bxd5 36. cxd5 Qc7+ 37. Kb2 Kd8 38. Qb6 Kd7 $2 39. Qxc7+ ({
Ok, it's blitz, but Karpov missed} 39. Bb5+ $1 axb5 40. Qxc7+ Kxc7 41. Rxh1 {
with an easy win. Somebody get that man started on Puzzle Rush!}) 39... Kxc7
40. Bxa6 Rh2 41. Bf1 Nd2 42. Rc1+ Kb8 43. Kc3 Nxf1 44. Rxf1 Rxg2 {Now watch
how Karpov wins what should be a drawn position.} 45. Rb1+ Ka7 46. Rb6 Rf2 47.
Rxd6 Rxf4 {Not fearing the connected pawns, Karpov presses on. His next move
effectively stops both in their tracks, while supporting his own passer on the
d-file.} 48. Rg6 $1 Rf1 49. d6 Rd1 50. Kc4 Kb7 51. Kc5 Kc8 $2 52. Rg7 Ra1 53.
Kc6 Rc1+ 54. Kd5 Kd8 55. Ke6 Re1+ 56. Kxf5 Ra1 57. Ke6 Re1+ 58. Kd5 Rd1+ 59.
Kc6 Rc1+ 60. Kb7 Rb1+ 61. Ka7 Rb4 62. a6 Kc8 63. Ka8 Rd4 (63... Rb6 $1 {
would be a miracle draw. The point is that after} 64. d7+ Kd8 65. Ka7 Rb2 {
the White king is stuck on the a-file and the d-pawn can't be saved once the
g-pawn starts moving.}) 64. Rc7+ Kd8 65. Kb7 Rb4+ 66. Kc6 Ra4 67. Kb6 g3 68. a7
Ra2 69. Rg7 Rb2+ 70. Kc5 Rc2+ 71. Kd5 1-0

[Event "FIDE World Cup 2021"]
[Site "Krasnaya Polyana RUS"]
[Date "2021.07.26"]
[Round "5.2"]
[White "Shankland, S."]
[Black "Svidler, P."]
[Result "1-0"]
[WhiteElo "2709"]
[BlackElo "2714"]
[Annotator "Shankland"]
[PlyCount "59"]
[EventDate "2021.07.12"]
[EventType "k.o."]
[EventRounds "8"]
[EventCountry "RUS"]
[SourceTitle "CL October 2021"]
[SourceDate "2021.10.01"]
[SourceVersion "1"]
[SourceVersionDate "2021.10.01"]
[SourceQuality "1"]

1. d4 Nf6 2. c4 g6 3. h4 $5 {The ultimate Anti-Grunfeld. This move looks
absurdly stupid at first glance, but the main point is that it will be harder
for Black to play ...d7-d5, forcing him to play a King's Indian rather than a
Grunfeld. 3.h4 is surely not the best way to play against the King's Indian,
but I thought there were more chances for an edge here than in Svidler's pet
Grunfeld, which is very forcing and the bane of every 1.d4 player's existence.}
Bg7 4. Nc3 d6 ({One of the key ideas behind this move order is} 4... d5 5. h5
$1 {when Black doesn't really want to play ...Nf6xh5 with the d5-pawn hanging.
White is probably better here.}) 5. e4 Nc6 6. Nge2 O-O 7. f3 {We have ended up
in a Saemisch King's Indian where White has played the weird looking move h4,
but it is not totally atypical for these structures either. Svidler now
changed the character of the game with a pawn sacrifice reminiscent of
Kasparov's famous effort against Lputian.} e5 $5 8. d5 Nd4 9. Be3 c5 {This
move was formally a novelty, but I had also checked it before the game as it
felt like the only way to justify Black's previous moves.} 10. dxc6 bxc6 11.
Nxd4 exd4 12. Bxd4 Rb8 {I think this move is inaccurate, and ...c6-c5 or ...
d6-d5 are better chances to fight for equality.} 13. Qc2 c5 14. Bf2 $1 {
An important move. The point is that in a lot of lines, the bishop may want to
regroup to e1.} Be6 15. O-O-O Nd7 $1 {In for a penny, in for a pound. Black is
down a clean pawn already and will lose the game if White is allowed to slowly
consolidate with Kc1-b1, Bf1-e2, Rd1-d2, Rh1-d1, etc. So Black should play
very energetically and not fear the loss of a second pawn to accelerate his
attack.} 16. Rxd6 Qa5 17. Be1 Ne5 {[#] This was my first critical decision of
the game.} 18. f4 $6 {Very natural and very tempting. I thought giving back
one of my two extra pawns to exchange off his fantastic e5-knight for my dumb
f1-bishop, plus getting the time to blunt the bishop on g7 with e4-e5 next,
would be good news, but the machine is fearless and greedy.} ({Apparently,
after} 18. b3 {White could get away with holding all the pawns. I thought the
position after} Rfd8 19. Rxd8+ Rxd8 {Looked absolutely terrifying - manuevers
like ...Ne5-c6-b4 or -d4 look pretty scary! But somehow the computer is
unconvinced.}) 18... Nxc4 19. Bxc4 Bxc4 20. e5 Rfd8 $1 {An important move,
which I underestimated. Black needs counterplay on the d-file.} ({Going
pawn-grabbing with} 20... Bxa2 $2 {is not to be recommended. After} 21. Nd5 Qb5
22. Ne7+ $1 Kh8 23. h5 $1 {Black is immediately checkmated.}) ({At first} 20...
h5 {concerned me a bit, trying to lock up the kingside and prevent h4-h5
before regrouping with ...Be6-f5 later, but then I noticed I can start
throwing stuff with} 21. g4 $1 {, just in time and before the bishop can
return to e6 to prevent it. After} hxg4 22. h5 {Black is facing a vicious
attack.}) 21. Rxd8+ Rxd8 22. h5 Bxa2 $1 {Svidler is playing very energetically.
Only now he can get away with taking on a2 because Nc3-d5 is no longer scary.}
23. hxg6 ({After} 23. Nd5 $2 Qb5 24. Ne7+ {Black has the critical} Kf8 $1 {
which makes a big difference with the rook vacating the f8-square. Black's
king is safe for at least a few more moves, and he is ready for ...Ba2-b3 next,
when White will collapse.}) 23... hxg6 24. Ne4 {[#] When Svidler was thinking
for awhile here, I started to get optimistic that a mistake might be coming
since I believed the decision was entirely forced.} Qb6 $2 {The wrong square
for the queen, which is now vulnerable to a neat tactic. I suspect Peter
missed the powerful retreat Bh4-f2 back later on, and made this move on more
general considerations that he did not want Ne4-d6 to come with tempo.} ({
Surprisingly,} 24... Qa6 {also holds. I thought Black was busted after} 25. Bh4
{because I am ready to meet ...Rd8-d4 with Ne4-f6+, and he will not be able to
play ...Kg8-f8 because of Qc2xc5+. The computer claims that after the sad,
passive} Rc8 $1 {Black is still fine. This is really inhuman, and 24...Qb5
should have been preferred.}) ({Here I thought that} 24... Qb5 $1 {was
absolutely the only move. It's not easy to play since it walks straight into
Ne4-d6 with a gain of tempo, shutting out Black's pieces, but it had to be
done. I believed White was a little better, but the computer disagrees.}) 25.
Bh4 $1 Rd4 26. Nf6+ $1 Kf8 {And now we see the point. Because Black has placed
his queen on b6, ...Rd4-c4 is not actually a threat because of Nf6-d7+. After
the critical...} 27. Bf2 $1 {Black's position immediately collapses. The rook
is hit and cannot move with the c5-pawn (and a tasty fork) hanging behind it.}
Bxf6 28. exf6 Qxf6 29. Qxc5+ Rd6 30. Qc8+ ({Svidler resigned rather than face
the music after} 30. Qc8+ Ke7 ({or} 30... Rd8 31. Qxd8+ Qxd8 32. Rh8+ Ke7 33.
Bh4+ {. This was probably my best game in Sochi, and it sent me through to the
quarterfinals.}) 31. Bh4) 1-0

[Event "FIDE World Cup 2021"]
[Site "Krasnaya Polyana RUS"]
[Date "2021.07.29"]
[Round "6.2"]
[White "Karjakin, Sergey"]
[Black "Shankland, S."]
[Result "1-0"]
[WhiteElo "2757"]
[BlackElo "2709"]
[Annotator "Shankland"]
[PlyCount "71"]
[EventDate "2021.07.12"]
[EventType "k.o."]
[EventRounds "8"]
[EventCountry "RUS"]
[SourceTitle "CL October 2021"]
[SourceDate "2021.10.01"]
[SourceVersion "1"]
[SourceVersionDate "2021.10.01"]
[SourceQuality "1"]

1. e4 e6 2. d3 d5 3. Nd2 Nf6 4. Ngf3 Be7 5. g3 a5 6. Bg2 a4 7. a3 c5 8. O-O Nc6
9. Re1 O-O 10. e5 Nd7 11. Nf1 b5 12. h4 Bb7 13. h5 h6 14. Bf4 Qb6 15. Qd2 Rfc8
16. g4 Qd8 17. N1h2 Ra6 18. Kh1 b4 19. Rg1 {[#]} {White has a menacing-looking
attacking setup, with g4-g5 clearly on the agenda. I played a very atypical
move for the King's Indian Attack structure here, which allowed Karjakin a
rare resource in this type of position.} Nf8 $6 {My thought was that if I
could bring the knight to h7 next, I would stop g4-g5 forever and I could roll
on the queenside. But the knight being on f8 has a major drawback, as Karjakin
quickly pointed out.} 20. axb4 $1 cxb4 21. d4 Na5 $2 {Completely missing
White's 27th move.} ({Now if} 21... Nh7 {White can play} 22. Bf1 $1 {gaining a
tempo on the rook and readying g4-g5 all the same.}) ({Best was} 21... a3 $1 {
, which is a hard move to play as the queenside gets locked after} 22. b3 {
but the point is that only now can I play} Nh7 23. Bf1 Ng5 $1 {. The inclusion
of ...a4-a3 and b2-b3 means that Black can comfortably give up the exchange. I
was not thrilled about the position after} 24. Nxg5 hxg5 25. Be3 {with some
combination of Bf1-d3, Ra1-f1, and f2-f4 to follow, but the machine that Black
is doing very well.}) 22. g5 Nc4 23. Qc1 hxg5 24. Bxg5 b3 25. Bxe7 Qxe7 26. Bf1
{I was still oblivious to my opponent's idea, calculating moves like Nh2-g4-f6,
Qc1-h6, etc., and none of it being fast enough.} a3 {[#]} 27. Rxg7+ $3 {
Absolutely devastating. This is an extremely rare sacrifice in the King's
Indian Attack because it only works if the black knight is on f8, keeping the
king in the kill zone.} Kxg7 28. Ng4 $1 {Now Qc1-h6+ is coming next, and Black
is absolutely crushed.} f5 29. exf6+ Qxf6 30. Nxf6 axb2 31. Qg5+ Kf7 32. h6 $1
{The mating attack comes one tempo too fast for me to counterbalance with a
queenside breakthrough.} Ng6 33. Nh4 {I decided to allow Karjakin to show the
mate on the board, capping off a brilliant game.} bxa1=Q 34. Qxg6+ Ke7 35. Qg7+
Kd6 36. Qd7# 1-0

[Event "FIDE World Cup 2021"]
[Site "Krasnaya Polyana RUS"]
[Date "2021.07.30"]
[Round "6.4"]
[White "Karjakin, Sergey"]
[Black "Shankland, S."]
[Result "1-0"]
[WhiteElo "2757"]
[BlackElo "2709"]
[Annotator "Shankland"]
[PlyCount "79"]
[EventDate "2021.07.12"]
[EventType "k.o."]
[EventRounds "8"]
[EventCountry "RUS"]
[SourceTitle "CL October 2021"]
[SourceDate "2021.10.01"]
[SourceVersion "1"]
[SourceVersionDate "2021.10.01"]
[SourceQuality "1"]

1. e4 c5 2. Nf3 d6 3. d4 cxd4 4. Nxd4 Nf6 5. Nc3 a6 6. h3 Nc6 7. g4 g6 8. Be3
Nxd4 9. Qxd4 Bg7 10. O-O-O {I misremembered my preparation in this position. I
knew that Black was not supposed to castle and instead develop the bishop, but
I did it the wrong way.} Be6 $2 ({Had I remembered to develop via the long
diagonal with} 10... b5 {and 11...Bb7, I suspect I would have advanced to the
next round. The comptuer calls the position equal, but it strikes me as much
easier to play for Black in practice -- moves like ...Bb7, ...0-0, ...Ra8-c8,
and ...Qd8-a5 play themselves. Failed by my memory, it looked suicidal at the
board after} 11. e5 {, but had I slowed down, I would have noticed the resource
} Bb7 $1 12. exf6 Bxf6 $1 {when the h1-rook falls.}) 11. f4 $1 Qa5 ({I should
have preferred} 11... O-O {as a form of damage control, but I really disliked
my position after} 12. Qb4 {. White has a pleasant advantage, but the game
goes on and nothing is falling off the board just yet.}) 12. f5 $1 {Very
energetic. White will not be mated after losing the a2-pawn, and my bishop is
in serious danger of being trapped.} Bxa2 13. Bd2 $1 {An exceptionally nasty
move. I have no choice but to allow the discovered attack on my queen as
moving her will lose the bishop.} O-O 14. Nd5 $1 {Black can already resign,
just four moves out of what would have been a very pleasant position.} Nxd5 ({
After} 14... Qd8 15. Nxf6+ Bxf6 16. Qa4 {the bishop is lost.}) 15. Bxa5 Bxd4
16. Rxd4 Ne3 17. Kd2 Nxf1+ 18. Rxf1 {[#] I cannot save the a2-bishop from
getting trapped after b2-b3. I fought on with two pawns for a piece, but the
result was never in doubt. I suspect this game will haunt me for a long time.}
Rfc8 19. b3 Rc6 20. Ra1 Bxb3 21. cxb3 Rac8 22. Ke3 Rc2 23. f6 exf6 24. Rxd6 Rh2
25. Rxf6 Rxh3+ 26. Rf3 Rh2 27. Rd1 Rb2 28. Rd3 h6 29. Kf4 g5+ 30. Kf5 Re2 31.
Bd8 Kh7 32. Bf6 b5 33. Rd7 Kg8 34. b4 Ra2 35. Rd8+ Rxd8 36. Bxd8 Rd2 37. Bf6
Kf8 38. Rc3 Rf2+ 39. Ke5 Ke8 40. Rd3 1-0

[Event "US Senior Championship"]
[Site "Saint Louis USA"]
[Date "2021.07.16"]
[Round "1.4"]
[White "Christiansen, Larry"]
[Black "Benjamin, Joel"]
[Result "1-0"]
[WhiteElo "2567"]
[BlackElo "2506"]
[Annotator "Yermolinsky"]
[PlyCount "55"]
[EventDate "2021.07.16"]
[EventType "tourn"]
[EventRounds "9"]
[EventCountry "USA"]
[EventCategory "10"]
[SourceTitle "CL October 2021"]
[SourceDate "2021.10.01"]
[SourceVersion "1"]
[SourceVersionDate "2021.10.01"]
[SourceQuality "1"]

1. d4 Nf6 2. c4 g6 3. Nc3 Bg7 4. e4 d6 5. f4 O-O 6. Nf3 c5 7. dxc5 Qa5 8. Bd3
Qxc5 9. Qe2 Bg4 10. Be3 Qa5 11. O-O Nc6 12. Rac1 Rfc8 $6 {Perhaps moving that
rook away from defense of the f7-pawn was unwise, particularly against LarryC.}
(12... Nd7 13. Qf2 Bxf3 14. gxf3 Nc5 15. Bb1 Na4 {was seen in Topalov-Kasparov,
Linares 1994, which was drawn after 44 moves of play.}) 13. Kh1 Nd7 14. Qf2 $1
Nb4 {This was Joel's idea, but Larry wasn't much concerned with losing the
c4-pawn.} 15. Bb1 Bxf3 ({The immediate capture,} 15... Rxc4 16. Nd2 Rcc8 {
leaves the g4-bishop stranded, and the tactics work for White after} 17. h3 Be6
18. a3 Na6 19. f5 {.}) 16. Qxf3 Rxc4 {[#]} 17. e5 $3 {What a shot!} ({Joel was
absolutely fine with sacrificing the exchange in case of} 17. a3 Nc6 18. Ba2
Rxc3 19. bxc3 Qxa3 {.}) 17... Nc6 ({After} 17... dxe5 18. Qxb7 Rd8 19. a3 {
Black's task of defending his loose pieces is daunting:} Qa6 (19... Na6 20. f5
Rc7 21. Qf3 Nf6 22. b4 Qxa3 23. Nb5) 20. Qf3 exf4 21. Bxf4 Nc6 22. Bd3 {
and White wins material.}) 18. Rcd1 $1 Re8 19. Qe2 Rxc3 ({If} 19... b5 20. Bd3)
20. bxc3 Qxc3 21. Bg1 {White pulled his bishops back to open files for his
major pieces. Black's coordination cannot be fixed, and to make matters worse,
Joel was getting low on time.} Kf8 22. Rf3 Qa5 23. Rh3 {Larry converts his
advantage with the elegance of a caveman chasing down a wounded mammoth.} Nc5
24. Rxh7 dxe5 25. f5 gxf5 26. Qh5 Kg8 27. Bxf5 e6 28. Qg5 1-0